<?xml version="1.0" encoding="UTF-8"?><?xml-stylesheet type="text/xsl" href="static/style.xsl"?><OAI-PMH xmlns="http://www.openarchives.org/OAI/2.0/" xmlns:xsi="http://www.w3.org/2001/XMLSchema-instance" xsi:schemaLocation="http://www.openarchives.org/OAI/2.0/ http://www.openarchives.org/OAI/2.0/OAI-PMH.xsd"><responseDate>2026-04-13T06:39:35Z</responseDate><request verb="GetRecord" identifier="oai:www.recercat.cat:2099.1/19223" metadataPrefix="marc">https://recercat.cat/oai/request</request><GetRecord><record><header><identifier>oai:recercat.cat:2099.1/19223</identifier><datestamp>2025-07-23T00:47:02Z</datestamp><setSpec>com_2072_1033</setSpec><setSpec>col_2072_452951</setSpec></header><metadata><record xmlns="http://www.loc.gov/MARC21/slim" xmlns:dcterms="http://purl.org/dc/terms/" xmlns:xsi="http://www.w3.org/2001/XMLSchema-instance" xmlns:doc="http://www.lyncode.com/xoai" xsi:schemaLocation="http://www.loc.gov/MARC21/slim http://www.loc.gov/standards/marcxml/schema/MARC21slim.xsd">
   <leader>00925njm 22002777a 4500</leader>
   <datafield ind2=" " ind1=" " tag="042">
      <subfield code="a">dc</subfield>
   </datafield>
   <datafield ind2=" " ind1=" " tag="720">
      <subfield code="a">Febrer Galvany, Anna</subfield>
      <subfield code="e">author</subfield>
   </datafield>
   <datafield ind2=" " ind1=" " tag="260">
      <subfield code="c">2013-07</subfield>
   </datafield>
   <datafield ind2=" " ind1=" " tag="520">
      <subfield code="a">A l'edat de 19 anys, Gauss aconseguí per primer cop demostrar la llei de la reciprocitat quadràtica, llei que havia restat 150 anys sense demostrar resistint-se als esforços de matemàtics importants com ara Fermat, Euler o Legendre. Aquest treball introdueix la llei de la reciprocitat quadràtica i mostra cinc de les vuit demostracions que donà Gauss d'aquesta llei.. El 8 d'abril de 1796 Gauss va trobar la primera demostració de la llei de reciprocitat quadràtica. Al llarg de la seva vida Gauss va donar-ne 8 demostracions diferents, i actualment es coneixen més de dues-centes demostracions d'aquest resultat de l'"aritmètica elemental".L'objectiu d'aquest treball és estudiar aquestes demostracions en les fonts originals, entendre-les bé i donar-ne exposicions el més clares i simples possible en el llenguatge de les matamàtiques actual.</subfield>
   </datafield>
   <datafield tag="653" ind2=" " ind1=" ">
      <subfield code="a">Àrees temàtiques de la UPC::Matemàtiques i estadística::Àlgebra::Teoria de cossos i polinomis</subfield>
   </datafield>
   <datafield tag="653" ind2=" " ind1=" ">
      <subfield code="a">Field theory (Physics) ; Polynomials</subfield>
   </datafield>
   <datafield tag="653" ind2=" " ind1=" ">
      <subfield code="a">Quadratic reciprocity law</subfield>
   </datafield>
   <datafield tag="653" ind2=" " ind1=" ">
      <subfield code="a">Teoria de camps (física)   ;    Polinomis</subfield>
   </datafield>
   <datafield tag="653" ind2=" " ind1=" ">
      <subfield code="a">Classificació AMS::12 Field theory and polynomials</subfield>
   </datafield>
   <datafield ind2="0" ind1="0" tag="245">
      <subfield code="a">Gauss’s proofs of the quadratic reciprocity law</subfield>
   </datafield>
   <datafield ind2="0" ind1="0" tag="245">
      <subfield code="a">Demostracions de Gauss de la llei de reciprocitat quadràtica</subfield>
   </datafield>
</record></metadata></record></GetRecord></OAI-PMH>